000 00294nam a2200133Ia 4500
100 _aNone
650 _aFitter
942 _cBK
654 _aFitter unsolved papers
245 _aFitter unsolved papers with syllabur
260 _bNew Heights
_aDelhi
082 _a621.902
546 _aENGLISH
999 _c35664
_d35664